| 000 | 00933nam a2200289 i 4500 | ||
|---|---|---|---|
| 001 | bg | ||
| 003 | BPK | ||
| 005 | 20250815064009.0 | ||
| 008 | 981023s1987 pl a f |001 0 pol | ||
| 015 | _aPB 1987/10044 | ||
| 020 | _a8301082119 | ||
| 040 |
_aWA N _cBPK |
||
| 041 | 1 |
_apol _heng |
|
| 080 | _a530.1 | ||
| 100 | 1 |
_aSchiff, Leonard Isaac _d(1915- ). |
|
| 245 | 1 | 0 |
_aMechanika kwantowa / _cLeonard I. Schiff ; [z ang. tł. Zofia Rek i Zbigniew Rek]. |
| 246 | 1 |
_iTyt. oryg.: _aQuantum mechanics, _f1968. |
|
| 250 | _aWyd. 2. | ||
| 260 |
_aWarszawa : _bPańst. Wydaw. Naukowe, _c1987. |
||
| 300 |
_a475, [1] s. : _brys., wykr. ; _c24 cm. |
||
| 504 | _aIndeks. | ||
| 650 | 4 | _aMechanika kwantowa | |
| 700 | 1 |
_aRek, Zofia. _eTł. |
|
| 700 | 1 |
_aRek, Zbigniew _eTłumaczenie |
|
| 856 |
_uhttp://koha.tu.koszalin.pl/cgi-bin/koha/opac-detail.pl?biblionumber=23853 _yKatalog online BPK |
||
| 942 |
_2UKD _cKS |
||
| 999 |
_c23853 _d23853 |
||